Återvinningsregler vid konkurs: översynen av lagst/ifting mot organiserad och ekonomisk brottslighet
| Medienart: | Druck Buch |
|---|---|
| Sprache: | Schwedisch |
| Veröffentlicht: |
Stockholm
Brottsförebyggande Rådet
1982
|
| In: |
PM (1982,5)
Jahr: 1982 |
| Bestand in Tübingen: | In Tübingen vorhanden. UB: KB 4 E 325 |
| Verfügbarkeit prüfen: | HBZ Gateway |
| Subito Bestelldienst: | Jetzt bestellen. |
MARC
| LEADER | 00000cam a22000002c 4500 | ||
|---|---|---|---|
| 001 | 109072781X | ||
| 003 | DE-627 | ||
| 005 | 20220514123409.0 | ||
| 007 | tu | ||
| 008 | 900618s1982 xx ||||| 00| ||swe c | ||
| 035 | |a (DE-627)109072781X | ||
| 035 | |a (DE-576)02072781X | ||
| 035 | |a (DE-599)BSZ02072781X | ||
| 035 | |a (OCoLC)311270692 | ||
| 035 | |a (OCoLC)311270692 | ||
| 040 | |a DE-627 |b ger |c DE-627 |e rakwb | ||
| 041 | |a swe | ||
| 245 | 0 | 0 | |a Återvinningsregler vid konkurs |b översynen av lagst/ifting mot organiserad och ekonomisk brottslighet |
| 264 | 1 | |a Stockholm |b Brottsförebyggande Rådet |c 1982 | |
| 300 | |a 169 S. | ||
| 336 | |a Text |b txt |2 rdacontent | ||
| 337 | |a ohne Hilfsmittel zu benutzen |b n |2 rdamedia | ||
| 338 | |a Band |b nc |2 rdacarrier | ||
| 490 | 1 | |a PM / Brottsförebyggande Rådet |v 1982,5 | |
| 583 | 1 | |a Archivierung prüfen |c 20200919 |f DE-640 |z 2 |2 pdager | |
| 810 | 2 | |a Schweden |b Brottsförebyggande rådet |t PM |v 1982,5 |9 1982,5 |w (DE-627)1758274735 |w (DE-576)009237240 |w (DE-600)3064955-9 |x 0349-1080 |7 am | |
| 951 | |a BO | ||
| ELC | |b 1 | ||
| LOK | |0 000 xxxxxcx a22 zn 4500 | ||
| LOK | |0 001 2146243449 | ||
| LOK | |0 003 DE-627 | ||
| LOK | |0 004 109072781X | ||
| LOK | |0 005 20020606000000 | ||
| LOK | |0 008 900618||||||||||||||||ger||||||| | ||
| LOK | |0 040 |a DE-21 |c DE-627 |d DE-21 | ||
| LOK | |0 852 |a DE-21 | ||
| LOK | |0 852 1 |c KB 4 E 325 |9 00 | ||
| LOK | |0 935 |a krim | ||
| LOK | |0 936ln |a k10.5.4 | ||
| LOK | |0 939 |a 18-06-90 |b l01 | ||
| ORI | |a SA-MARC-krimdoka001.raw | ||
| SIG | |a UB: KB 4 E 325 | ||
